Effect of nitrogen fertilizer on cucumber yeild ឥទ្ធិពលនៃការប្រើប្រាស់កំរិតជីអាសូតខុសៗគ្នាទៅលើទិន្នផលដំណាំត្រសក់ (Record no. 1345)
[ view plain ]
| 000 -LEADER | |
|---|---|
| fixed length control field | 00604nam a22001577a 4500 |
| 003 - CONTROL NUMBER IDENTIFIER | |
| control field | OSt |
| 005 - DATE AND TIME OF LATEST TRANSACTION | |
| control field | 20150927151921.0 |
| 008 - FIXED-LENGTH DATA ELEMENTS--GENERAL INFORMATION | |
| fixed length control field | 150927b xxu||||| |||| 00| 0 eng d |
| 040 ## - CATALOGING SOURCE | |
| Transcribing agency | RUA |
| 082 ## - DEWEY DECIMAL CLASSIFICATION NUMBER | |
| Classification number | AGR VEN 2011 B050 Or.1 |
| 100 ## - MAIN ENTRY--PERSONAL NAME | |
| 9 (RLIN) | 1430 |
| Personal name | VENN, SAMPHORS |
| 245 ## - TITLE STATEMENT | |
| Title | Effect of nitrogen fertilizer on cucumber yeild ឥទ្ធិពលនៃការប្រើប្រាស់កំរិតជីអាសូតខុសៗគ្នាទៅលើទិន្នផលដំណាំត្រសក់ |
| 260 ## - PUBLICATION, DISTRIBUTION, ETC. (IMPRINT) | |
| Place of publication, distribution, etc. | Phnom Penh |
| Name of publisher, distributor, etc. | RUA |
| Date of publication, distribution, etc. | 2011 |
| 300 ## - PHYSICAL DESCRIPTION | |
| Extent | x, 34p. |
| Other physical details | ill. |
| Dimensions | 29cm. |
| 942 ## - ADDED ENTRY ELEMENTS (KOHA) | |
| Source of classification or shelving scheme | |
| Koha item type | AGR |
| Price effective from | Date last seen | Permanent Location | Not for loan | Date acquired | Source of classification or shelving scheme | Koha item type | Lost status | Withdrawn status | Total Renewals | Date last checked out | Total Checkouts | Shelving location | Damaged status | Barcode | Checked out | Current Location | Full call number |
|---|---|---|---|---|---|---|---|---|---|---|---|---|---|---|---|---|---|
| 2015-09-27 | 2025-07-31 | Library Block B | 2015-09-27 | AGR | 2025-07-11 | 10 | B050 | RUA006041 | Library Block B | AGR VEN 2011 B050 Or.1 | |||||||
| 2015-09-27 | 2019-01-11 | Library Block B | 2015-09-27 | AGR | 2018-12-31 | 5 | B050 | RUA008214 | Library Block B | AGR VEN 2011 B050 Or.2 | |||||||
| 2015-09-29 | 2025-03-19 | Library Block B | 2015-09-29 | AGR | 2025-03-19 | 2 | B050 | RUA018989 | 2025-04-23 | Library Block B | AGR VEN 2011 B050 Or.4 | ||||||
| 2016-01-26 | 2024-04-24 | Library Block B | 2016-01-26 | AGR | 2024-01-02 | 7 | B050 | RUA046259 | Library Block B | AGR VEN 2011 B050 Or.5 | |||||||
| 2016-01-26 | 2021-10-18 | Library Block B | 2016-01-26 | AGR | 2021-09-20 | 3 | B050 | RUA046200 | Library Block B | AGR VEN 2011 B050 Or.6 | |||||||
| 2018-09-18 | 2018-09-18 | Library Block B | 2018-09-18 | AGR | B050 | A34904 | Library Block B | AGR VEN 2011 B050 Or.7 | |||||||||
| 2015-09-27 | 2025-12-25 | Library Block B | 2015-09-27 | AGR | 1 | 2025-12-25 | 5 | B050 | RUA006200 | 2026-01-31 | Library Block D | AGR VEN 2011 B050 Or.3 |